| 000 | 00602nam a2200193Ia 4500 | ||
|---|---|---|---|
| 005 | 20250508155741.0 | ||
| 008 | 008 250505s9999 xx 000 0 eng d | ||
| 037 | _aDissertations | ||
| 040 |
_aFEDL _beng _cFEDL |
||
| 041 |
_aeng _2eng |
||
| 084 |
_a150.194 3, SUR/DI _qFEDL |
||
| 100 |
_aSuram Bhagwan Das _9767420 |
||
| 245 | 0 | _aClinical study of aggressive behaviour of the higher secondary school students of Delhi | |
| 260 | _c1972 | ||
| 300 | _a65p. | ||
| 546 | _aM. Ed. Dissertation (Delhi University) | ||
| 942 |
_cDIS _h150.194 3, SUR/DI |
||
| 999 |
_c1359115 _d1359115 |
||